书目信息 |
| 题名: |
测绘地理信息智能应用基础
|
|
| 作者: | 李长青 , 张倩斯 , 赵小平 , 陶超 编著 | |
| 分册: | ||
| 出版信息: | 北京 测绘出版社 2023.03 |
|
| 页数: | 115页 | |
| 开本: | 26cm | |
| 丛书名: | 测绘地理信息“岗课赛证”融通系列教材 | |
| 单 册: | ||
| 中图分类: | P208.2 | |
| 科图分类: | ||
| 主题词: | 测绘--ce hui--地理信息系统--教材 | |
| 电子资源: | ||
| ISBN: | 978-7-5030-4464-9 | |
| 000 | 01429nam 2200325 450 | |
| 001 | 96235 | |
| 005 | 20250912141407.38 | |
| 010 | @a978-7-5030-4464-9@dCNY32.00 | |
| 100 | @a20230615d2023 em y0chiy50 ea | |
| 101 | 0 | @achi |
| 102 | @aCN@b110000 | |
| 105 | @aab a 000yy | |
| 106 | @ar | |
| 200 | 1 | @a测绘地理信息智能应用基础@Ace hui di li xin xi zhi neng ying yong ji chu@d= Basic theory of intelligent geomatics application@f李长青 ... [等] 编著@zeng |
| 210 | @a北京@c测绘出版社@d2023.03 | |
| 215 | @a115页@c图, 地图@d26cm | |
| 225 | 2 | @a测绘地理信息“岗课赛证”融通系列教材@Ace hui di li xin xi “ gang ke sai zheng ” rong tong xi lie jiao cai |
| 304 | @a题名页题其余责任者: 张倩斯, 赵小平, 陶超 | |
| 320 | @a有书目 | |
| 330 | @a本书重点介绍测绘地理信息基础理论知识, 包括从传统测绘到新型基础测绘的相关基础理论知识和技术手段。本书共分为六章, 主要内容包括绪论、地理信息系统、三维地理信息系统、测绘地理信息新技术、数字孪生技术构建智慧城市、新型基础测绘与实景三维中国建设。 | |
| 410 | 0 | @12001 @a测绘地理信息“岗课赛证”融通系列教材 |
| 510 | 1 | @aBasic theory of intelligent geomatics application@zeng |
| 606 | 0 | @a测绘@Ace hui@x地理信息系统@j教材 |
| 690 | @aP208.2@v5 | |
| 701 | 0 | @a李长青@Ali chang qing@4编著 |
| 701 | 0 | @a张倩斯@Azhang qian si@4编著 |
| 701 | 0 | @a赵小平@Azhao xiao ping@4编著 |
| 701 | 0 | @a陶超@Atao chao@4编著 |
| 801 | 0 | @aCN@c20250909 |
| 905 | @a河南城建学院图书馆@dP208.2@eL130 | |
| 测绘地理信息智能应用基础= Basic theory of intelligent geomatics application/李长青 ... [等] 编著.-北京:测绘出版社,2023.03 |
| 115页:图, 地图;26cm.-(测绘地理信息“岗课赛证”融通系列教材) |
| ISBN 978-7-5030-4464-9:CNY32.00 |
| 本书重点介绍测绘地理信息基础理论知识, 包括从传统测绘到新型基础测绘的相关基础理论知识和技术手段。本书共分为六章, 主要内容包括绪论、地理信息系统、三维地理信息系统、测绘地理信息新技术、数字孪生技术构建智慧城市、新型基础测绘与实景三维中国建设。 |
| ● |
| 相关链接 |
|
|
|
正题名:测绘地理信息智能应用基础
索取号:P208.2/L130
 
预约/预借
| 序号 | 登录号 | 条形码 | 馆藏地/架位号 | 状态 | 备注 |
| 1 | 1630719 | 216307191 | 自科库401/401自科库 118排1列4层/ [索取号:P208.2/L130] | 在馆 |